Reengineering management: The mandate for new leadership (Record no. 165799)

MARC details
000 -LEADER
fixed length control field 00395nam a2200145Ia 4500
008 - FIXED-LENGTH DATA ELEMENTS--GENERAL INFORMATION
fixed length control field 231217s9999 xx 000 0 und d
041 ## - LANGUAGE CODE
Language code of text/sound track or separate title English
082 ## - DEWEY DECIMAL CLASSIFICATION NUMBER
Classification number 658.406 CHA
100 ## - MAIN ENTRY--PERSONAL NAME
Personal name Champy, James
245 #0 - TITLE STATEMENT
Title Reengineering management: The mandate for new leadership
260 ## - PUBLICATION, DISTRIBUTION, ETC.
Date of publication, distribution, etc. 1995
Name of publisher, distributor, etc. Harper collins, London
300 ## - PHYSICAL DESCRIPTION
Extent xii+212
650 ## - SUBJECT ADDED ENTRY--TOPICAL TERM
Topical term or geographic name entry element Reengineering Leadership
942 ## - ADDED ENTRY ELEMENTS (KOHA)
Koha item type Books
Holdings
Date last seen Total checkouts Full call number Accession number Cost, total (INR) price Price effective from Category Public note Lost status Damaged status Department Withdrawn status Home library Current library Shelving location Entry date Vendor Cost, normal purchase price Grants Billnumber Billdate Currency symbol Conversion rate Discount Old discount
26/01/2024   658.406 CHA 11521 120.95 26/01/2024 Books SC ST (550)     Central Library   Central Library Central Library SC-ST 01/06/1998 Sapna Book House 2.95 SC-ST 177 97-98 28/11/2000 RS 41    

© For any Suggestions or Query, please contact the library staff @ librarian@pes.edu or Phone: +9180 2672 1983/ 2108.